000 00718nas a2200229 4500
001 BR8701170
003 BR-BrBNA
005 20231205090601.0
007 ta
008 230509b bl.|||p| |||| 00| 00por d
040 _aBR-BrBNA
_bpor
_cBiblioteca Nacional de Agricultura
041 _a(Pt)
072 _aM40
100 1 _aCosta, W.J.E.M.
245 1 _aA ameaca de extincao de peixes anuais raros do Estado do Rio de Janeiro (Genero Cynolebias Steindachner, 1876)
650 _aPEIXE DE AGUA DOCE
650 _aBREJO
650 _aECOLOGIA AQUATICA
773 0 _tBoletim FBCN (Brazil)
_xISSN 0101-2495
_g(1984), v. 19 p. 164-166
_wBR8701170
909 _a202311
_bLúcia
_c55
_dLúcia Elande
942 _2AGRIS
_n0
_cANA
999 _c119519
_d119519